000 00506nam a22001577a 4500
003 ASAB
005 20180827062833.0
008 180510t xxu||||| |||| 00| 0 eng d
040 _cASAB
100 _aAQSA IKRAM-Sup-Dr. Muhammad Tahir
_93843
245 _aTH-MS-Development of binary constructs for edible vaccines againts HCV
_cAQSA IKRAM-Sup-Dr. Muhammad Tahir
260 _aIslamabad
_bASAB (NCVI)
_c2012
300 _ax, 81 P
_b30 cm
630 _aVirology and Immunology
_93844
942 _2ddc
_cTH
999 _c480822
_d480822